000 00593nam a2200193Ii 4500
003 JO-AjNU
008 230605s9999||||xx |||||||||||||| ||und||
040 _aJO-AjNU
_bara
_erda
_cJO-AjNU
041 _aara
050 1 4 _aHB71.S2434.1990
100 3 _aسلوم، حسين,
_eauthor
_945730
245 0 0 _aموجز المبادىء الاقتصادية
264 3 1 _aبيروت:دار النهضة العربية،1990
300 _a451ص
336 _atext
_btxt
_2rdacontent
337 _aunmediated
_bn
_2rdamedia
338 _avolume
_bnc
_2rdacarrier
650 4 _aالاقتصاد
_945731
999 _aA19844
_c23412
_d23412